| 000 | 00707cam a22001815a 4500 | ||
|---|---|---|---|
| 020 | _a9789381226155 | ||
| 020 | _a9381226156 | ||
| 082 | 0 | 4 |
_a628 _bDUB/CO |
| 245 | 0 | 0 | _aConservation of natural resources for food and environmental security / |
| 260 |
_aDelhi : _bSatish Serial Pub. House, _cc2012. |
||
| 300 |
_axvii, 509 p. : _bill., maps ; |
||
| 520 | _aPapers presented at a conference on Food and environmental security through resource conservation in central India : challenges and opportunities, held at Agra during 16-19 September 2009. | ||
| 650 | 0 | _aConservation of natural resources | |
| 650 | 0 | _aFood security | |
| 650 | 0 | _aEnvironmental protection | |
| 700 | 1 | _aDubey, S. K., | |
| 942 | _cBK | ||
| 999 |
_c13718 _d13718 |
||